[Event "US Open-113"]
[Site "Vancouver"]
[Date "2012.08.06"]
[Round "3"]
[White "Kannan, Suganth"]
[Black "Rajasekaran, Vignesh"]
[Result "0-1"]
[WhiteElo "1682"]
[BlackElo "1978"]
[PlyCount "70"]
[EventDate "2012.08.04"]
[EventType "swiss"]
[EventRounds "9"]
[EventCountry "USA"]
[SourceTitle "CBM 149 Extra"]
[Source "ChessBase"]
[SourceDate "2012.08.24"]
[SourceVersion "1"]
[SourceVersionDate "2012.08.24"]
[SourceQuality "1"]

1. e4 c5 2. Nf3 e6 3. d4 cxd4 4. Nxd4 Nc6 5. Be3 Nf6 6. Nc3 Bb4 7. f3 d5 8. Bd3 e5 9. Nxc6 bxc6 10. Bd2 0-0 11. 0-0 Rb8 12. Qe1 Re8 13. Rd1 Qe7 14. Kh1 Bd7 15. Qh4 d4 16. Ne2 Bxd2 17. Rxd2 Rxb2 18. Rg1 Nd5 19. Qh5 Nb4 20. Nc1 Nxd3 21. Nxd3 Rxa2 22. Re1 h6 23. f4 exf4 24. Nxf4 Qb4 25. Rde2 Rxc2 26. Nd3 Rxe2 27. Qxe2 Qe7 28. Qf2 c5 29. Rf1 Bb5 30. Qd2 c4 31. Nf4 c3 32. Qxd4 Bxf1 33. Nh5 Qg5 34. Ng3 Qd2 35. Qa4 Qxg2# 0-1